| 000 | 01188nam a2200325 i 4500 | ||
|---|---|---|---|
| 003 | EG-GICUC | ||
| 005 | 20260506145225.0 | ||
| 008 | 260506s1964 fr |||fr|||| 000 0 Fre d | ||
| 040 |
_aEG-GiCUC _bfre _cEG-GiCUC _dEG-GiCUC _eRda |
||
| 041 | 0 | _afre | |
| 082 | 0 | 4 |
_a345.382242 _bBR . A _221 |
| 092 | 0 | 4 | _221 |
| 099 | _aLaw 07 345.382242 BR . A 1964 | ||
| 100 | 1 |
_aBretton, Philippe. _eAuteur |
|
| 245 | 1 | 0 |
_aL'Autorité Judiciaire Gardienne Des Libertés Essentielles Et De La Propriété Privée : _nTome LVIII / _cPar Philippe Bretton, Marcel Waline; Préface De Philippe Ardant. _b |
| 264 | 1 |
_aParis : _bLibrairie Generale De Droit Et De Jurisprudence, _c1964. |
|
| 300 |
_a295 Page : _c 24 cm. |
||
| 336 |
_2rda contenu _a texte |
||
| 337 |
_2rda medias _aOrdinateur |
||
| 338 |
_2 transporteur rda _a Ressource en ligne |
||
| 490 | _aBibliothéque De Droit Public | ||
| 504 | _aBibliography: pages 283-288 | ||
| 546 | _aTexte en français | ||
| 650 | 1 | _aDroit Administratif | |
| 700 | 1 |
_aArdant, Philippe. _ePréfacier |
|
| 700 | 1 |
_aWaline, Marcel _eCo-Auteur |
|
| 856 | 4 | 0 | _uhttps://fll.law.cu.edu.eg/fulltext/bks/B07-05706.pdf |
| 905 | _a64 | ||
| 942 |
_2ddc _n0 _cBK _e21 |
||
| 999 |
_c76020 _d76020 |
||